Focus on heat and energy
| Main Author: | Hawkes, Nigel |
|---|---|
| Published: |
Singapore:
Education & Ent. Workshop,
1995.
|
| Subjects: |
| LEADER | 00515cam a2200169 7i4500 | ||
|---|---|---|---|
| 001 | 0000040801 | ||
| 005 | 20161116090000.0 | ||
| 020 | |a 888728091050K (pbk.) | ||
| 090 | 0 | 0 | |a J621.4 |b HAW |
| 100 | 1 | |a Hawkes, Nigel | |
| 245 | 1 | 0 | |a Focus on heat and energy |c Nigel Hawkes. |
| 260 | |a Singapore: |b Education & Ent. Workshop, |c 1995. | ||
| 300 | |a 32 p.: |b col. ill.; |c 29 cm. | ||
| 500 | |a Includes index | ||
| 650 | 0 | 0 | |a Heat |
| 650 | 0 | 0 | |a Power (Mechanics) |
| 999 | |a 0000033001 |b BOK |c OPEN SHELF - CHILDREN |e Ground Floor, Bestari Jaya | ||